| 000 | 00442nam a2200169 i 4500 | ||
|---|---|---|---|
| 001 | 146765 | ||
| 003 | ES-MaACL | ||
| 005 | 20230906201650.0 | ||
| 007 | t| | ||
| 008 | 070917s1969 sp ||||1| spa d | ||
| 100 | 1 |
_aTrives, Eduardo. _9111463 |
|
| 245 | 1 | 3 |
_aLa noche desde cerca / _cEduardo Trives. |
| 250 | _a[1ยช ed.]. | ||
| 260 |
_aBarcelona : _bMarte, _c1969. |
||
| 300 |
_a224 p. ; _c21 cm. |
||
| 852 |
_aES-MaACL _jC-36052 _bR.69097 |
||
| 999 |
_c146765 _d146765 |
||